| 000 | 00890nac a22002171u 4500 | ||
|---|---|---|---|
| 008 | 100905t xxu||||| |||| 00| 0 eng d | ||
| 010 | _a 60006022 | ||
| 035 | _a(OCoLC)1159209 | ||
| 082 |
_a621.56 _bALT |
||
| 100 |
_aAlthouse, Andrew Danie _917851 |
||
| 245 | 1 | 0 |
_aModern Refrigeration and Air Conditioning / _cBy Andrew D. Althouse and Carl H. Turnquist. |
| 260 |
_aChicago: _bGoodheart-Willcox Co. , _c1960 |
||
| 300 |
_a756 p. : _bill. ; _c24 cm. |
||
| 500 | _aDonations. | ||
| 500 | _aDonations - Bibliotheca Alexandrina. | ||
| 650 | 0 |
_aRefrigeration and refrigerating machinery. _917852 |
|
| 650 | 0 |
_aAir conditioning. _917853 |
|
| 700 | 1 |
_aTurnquist, Carl Harold, _d1910- _917854 |
|
| 942 |
_cBB _k621.56ALT _2ddc |
||
| 999 |
_c3493 _d3493 |
||